La societe contre l'etat : recherches d'anthropologie politique
Αποθηκεύτηκε σε:
| Κύριος συγγραφέας: | |
|---|---|
| Μορφή: | Βιβλίο |
| Γλώσσα: | French |
| Δημοσίευση: |
Paris :
Minuit,
[1974].
|
| Σειρά: | Collection "Critique"
|
| Θέματα: | |
| Ετικέτες: |
Προσθήκη ετικέτας
Δεν υπάρχουν, Καταχωρήστε ετικέτα πρώτοι!
|
MARC
| LEADER | 00000cam a2200000 i 4500 | ||
|---|---|---|---|
| 001 | 1/81725 | ||
| 008 | 961127s1974 fr | ||| |||| ||fre|| | ||
| 020 | |a 2707300217 | ||
| 035 | |l 10005360 | ||
| 040 | |a GR-MyUa |b gre |e AACR2 | ||
| 041 | 0 | |a fre | |
| 082 | 7 | |a 306.2 |2 (22) | |
| 100 | 1 | |a Clastres, Pierre, |d 1934-1977. | |
| 245 | 1 | 3 | |a La societe contre l'etat : |b recherches d'anthropologie politique / |c Pierre Clastres. |
| 260 | |a Paris : |b Minuit, |c [1974]. | ||
| 300 | |a 186 ; |c 22 εκ. | ||
| 490 | 1 | |a (Collection critiques) | |
| 504 | |a Περιέχει βιβλιογραφικές αναφορές. | ||
| 650 | 0 | |a Political anthropology. | |
| 650 | 0 | |a Economic anthropology. | |
| 650 | 0 | |a Indians. | |
| 767 | 0 | 8 | |i Μεταφρασμένο ως: |t Η κοινωνία ενάντια στο κράτος / |
| 830 | 0 | |a Collection "Critique" | |
| 852 | |a INST |b LESVOS |e 19961127 |h 306.2 CLA |p 005100012370 |q 005100012370 |t BK |y 0 | ||